|
|
|
|
| LEADER |
01280nam a2200301 a 4500 |
| 001 |
18822 |
| 003 |
BD-DhAAL |
| 008 |
090715s2008 bg b 000 0 eng d |
| 010 |
|
|
|a 2009341562
|
| 020 |
|
|
|a 9847000300027
|
| 040 |
|
|
|a DLC
|c DLC
|d DLC
|d BD-DhAAL
|
| 082 |
0 |
0 |
|a 331.31095492
|2 23
|
| 100 |
1 |
|
|a Khair, Sumaiya.
|
| 245 |
1 |
0 |
|a Child migration for work /
|c Sumaiya Khair.
|
| 260 |
|
|
|a Dhaka :
|b Refugee and Migratory Movements Research Unit,
|c 2008.
|
| 300 |
|
|
|a viii, 120 pages ;
|c 22 cm.
|
| 500 |
|
|
|a "Development Research Centre on Migration, Globalisation, and Poverty".
|
| 504 |
|
|
|a Includes bibliographical references (pages 116-119).
|
| 520 |
|
|
|a Predominantly on socio-economic conditions of child labor in Bangladesh.
|
| 541 |
1 |
|
|e 18822
|
| 650 |
|
0 |
|a Child labor
|z Bangladesh
|x Social conditions.
|9 54745
|
| 650 |
|
0 |
|a Child labor
|z Bangladesh
|x Economic conditions.
|9 54746
|
| 650 |
|
0 |
|a Migration, Internal
|z Bangladesh.
|9 20811
|
| 710 |
2 |
|
|a Refugee and Migratory Movements Research Unit.
|
| 852 |
4 |
|
|a Ayesha Abed Library
|c General Stacks
|
| 942 |
|
|
|2 ddc
|c BK
|
| 999 |
|
|
|c 2482
|d 2482
|
| 952 |
|
|
|0 0
|1 0
|2 ddc
|4 0
|6 331_310954920000000_KHA
|7 0
|9 2297
|a BIGD
|b BIGD
|c GEN
|d 2009-07-15
|e BDI
|l 0
|o 331.31095492 KHA
|p 3050018822
|r 2009-07-16
|t 1
|w 2009-07-16
|y BK
|x Transferred from BDI to BIGD.
|